|
|
|
|
| LEADER |
00000cas a2200000 a 4500 |
| 001 |
vtls008882504 |
| 003 |
SK-MaSNL |
| 005 |
20260228162255.0 |
| 008 |
150225d19931998xo fr|p 0 0 b0eng c |
| 022 |
|
|
|a 1335-0145
|
| 035 |
|
|
|a (SVKBB03)vtls000112610
|
| 040 |
|
|
|a SVKBB
|b slo
|c SVKBB
|d SNK
|e AACR2
|
| 041 |
0 |
|
|a eng
|
| 044 |
|
|
|a xo
|c SK
|
| 072 |
|
7 |
|a 502
|x Životné prostredie a jeho ochrana
|2 konspekt
|
| 072 |
|
7 |
|a 539
|x Fyzikálna stavba hmoty. Jadrová fyzika. Molekulová fyzika
|2 konspekt
|
| 080 |
|
|
|a 050
|2 2001
|
| 080 |
|
|
|a 539.16
|2 2001
|
| 080 |
|
|
|a 502/504
|2 2001
|
| 210 |
0 |
|
|a J. radioecol.
|b (Košice)
|
| 222 |
|
0 |
|a Journal of radioecology
|b (Košice)
|
| 245 |
0 |
0 |
|a Journal of Radioecology
|b international journal devoted to the radioecology and its applications
|
| 260 |
|
|
|a Košice
|b Institute of Radioecology
|c 1993-1998
|
| 300 |
|
|
|a 6 zv.
|b tab., grafy
|c 25 cm
|
| 310 |
|
|
|a 2x ročne
|
| 362 |
0 |
|
|a Roč. 1, č. 1 (1993)-roč. 6, č. 2 (1998)
|
| 500 |
|
|
|a Reg. číslo: MK SR 819/93
|
| 500 |
|
|
|a Tlač. P&V press, Košice
|
| 500 |
|
|
|a Red.: 1993-1998, Ivan Šmídt
|
| 650 |
0 |
7 |
|a rádioaktivita
|2 SNKPH
|9 23119
|
| 650 |
0 |
7 |
|a Radioactivity
|2 SNKPHeng
|9 270698
|
| 650 |
0 |
7 |
|a životné prostredie
|2 SNKPH
|9 786
|
| 650 |
0 |
7 |
|a Environment
|2 SNKPHeng
|9 267078
|
| 650 |
0 |
7 |
|a ekológia
|2 SNKPH
|9 785
|
| 650 |
0 |
7 |
|a Ecology
|2 SNKPHeng
|9 265189
|
| 655 |
|
7 |
|a odborné časopisy
|2 SNKPH
|9 70505
|
| 655 |
|
7 |
|a Professional journals
|2 SNKPHeng
|9 265007
|
| 700 |
1 |
|
|a Šmídt, Ivan
|4 red
|9 270699
|
| 910 |
|
|
|a snk
|
| 916 |
|
|
|a 1994-1998
|
| 999 |
|
|
|c 7375
|d 9305
|
| 952 |
|
|
|0 0
|1 0
|4 0
|7 0
|a SNK
|b SNK
|d 2015-02-03
|i snkČSP 1420/96
|l 0
|o snkČSB 2818/1992
|p 17A0865874
|r 2026-02-21 20:52:40
|t pilotné číslo
|w 2026-02-21
|y PREZ
|z metodická príručka
|
| 952 |
|
|
|0 0
|1 0
|4 0
|7 0
|a SNK
|b SNK
|d 2015-02-03
|f 1
|i snkČSP 1418/96
|l 0
|o snkČSB 2818/2/1994
|p 17A0865867
|r 2026-02-21 20:52:41
|t č. 1-2, neúplné
|w 2026-02-21
|y PREZ
|z chýba č. 2
|
| 952 |
|
|
|0 0
|1 0
|4 0
|7 0
|a SNK
|b SNK
|d 2015-02-03
|f 1
|i snkČSP 1416/96
|l 0
|o snkČSB 2818/3/1995
|p 17A0865861
|r 2026-02-21 20:52:41
|t č. 1-2
|w 2026-02-21
|y PREZ
|
| 952 |
|
|
|0 0
|1 0
|4 0
|7 0
|a SNK
|b SNK
|d 2015-02-03
|f 1
|i snkČSP 1615/2002
|l 0
|o snkČSB 2818/4/1996
|p 17A0865866
|r 2026-02-21 20:52:41
|t č. 1-2
|w 2026-02-21
|y PREZ
|
| 952 |
|
|
|0 0
|1 0
|4 0
|7 0
|a SNK
|b SNK
|d 2015-02-03
|f 1
|i snkČSP 1618/2002
|l 0
|o snkČSB 2818/5/1997
|p 17A1089751
|r 2026-02-21 20:52:41
|t č. 1-2
|w 2026-02-21
|y PREZ
|
| 952 |
|
|
|0 0
|1 0
|4 0
|7 0
|a SNK
|b SNK
|d 2015-02-03
|f 1
|i snkČSP 382/2004
|l 0
|o snkČSB 2818/6/1998
|p 17A0865870
|r 2026-02-21 20:52:41
|t č. 1-2, neúplné
|w 2026-02-21
|y PREZ
|z chýba č. 2
|